|
|
|
|
| LEADER |
00000nab a2200000 ar4500 |
| 001 |
vtls009939074 |
| 003 |
SK-MaSNL |
| 005 |
20260304031553.0 |
| 008 |
090812c2009 xo wr|p|||||||000 b|slo |
| 038 |
|
|
|a PPPK
|
| 040 |
|
|
|a PPPKCL
|b slo
|c PPPKCL
|e AACR2
|
| 041 |
0 |
|
|a slo
|
| 044 |
|
|
|a xo
|c SK
|
| 080 |
|
|
|a 069
|2 2001
|
| 080 |
|
|
|a 69.059.3:069
|2 2001
|
| 245 |
0 |
0 |
|a Vynovené priestory múzea
|c [autor] (mkl)
|
| 610 |
2 |
7 |
|a Podtatranské múzeum v Poprade
|2 pppkcl
|9 32858
|
| 650 |
0 |
7 |
|a rekonštrukcia budov
|2 pppkcl
|9 3966
|
| 650 |
0 |
7 |
|a múzeá
|2 pppkcl
|9 4119
|
| 651 |
|
7 |
|a Poprad (Slovensko)
|2 pppkcl
|9 20155
|
| 773 |
0 |
|
|t Podtatranské noviny
|g Roč. IIL, č. 27 (2009), s. 3
|
| 852 |
|
|
|a PPPK
|b KIS3GCP
|
| 999 |
|
|
|c 2638809
|d 2640739
|